Indicadores de ciencia y tecnología : (Registro nro. 17577)
[ vista simple ]
| 000 -CABECERA | |
|---|---|
| Campo de control | 01167nam a22002897a 4500 |
| 005 - FECHA Y HORA DE LA ULTIMA TRANSACCION | |
| Campo de control | 20180725115913.0 |
| 008 - ELEMENTOS DE LONGITUD FIJA—INFORMACION GENERAL | |
| Campo de control | 130711s2010 ck ab gr 00010 spa d |
| 020 ## - ISBN | |
| ISBN | 9789589895634 |
| 040 ## - FUENTE DE CATALOGACIÓN | |
| Agencia catalogadora original | CO-BoBLA |
| Agencia transcriptora | CO-BoBLA |
| Agencia Modificadora | Co-BoIAvH |
| 041 0# - IDIOMA | |
| Código de idioma para texto/pista de sonido o título separado | Español |
| 044 ## - PAÍS DE PUBLICACIÓN | |
| País de publicación | Colombia |
| 082 04 - NUMERO DE CLASIFICACION DECIMAL DEWEY | |
| Número de clasificación | 303.483 |
| Número del ítem | O21i |
| 245 00 - MENCION DE TITULO | |
| Título | Indicadores de ciencia y tecnología : |
| Parte restante del título | Colombia 2010 / |
| Mención de responsabilidad | Mónica Salazar ... [et al.]. |
| 260 ## - PUBLICACION, DISTRIBUCION, ETC. (PIE DE IMPRENTA) | |
| Lugar de publicación, distribución, etc. | Bogotá : |
| Nombre del editor, distribuidor, etc. | Observatorio Colombiano de Ciencia y Tecnología, |
| Fecha de publicación, distribución, etc. | 2010. |
| 300 ## - DESCRIPCION FISICA | |
| Extensión | 320 p. : |
| Otros detalles físicos | ilustraciones, mapas. |
| Dimensiones | 24 cm. |
| 504 ## - NOTA DE BIBLIOGRAFIA, ETC. | |
| Nota de bibliografía | Incluye bibliografía e índice. |
| 650 ## - ASIENTO SECUNDARIO DE MATERIA - TERMINO TEMATICO | |
| Término temático o nombre geográfico como elemento de entrada | Investigación científica |
| Subdivisión general | Indicadores |
| Subdivisión geográfica | Colombia. |
| 650 #4 - ASIENTO SECUNDARIO DE MATERIA - TERMINO TEMATICO | |
| Término temático o nombre geográfico como elemento de entrada | Ciencia y tecnología |
| Subdivisión general | Indicadores |
| Subdivisión geográfica | Colombia. |
| 650 #4 - ASIENTO SECUNDARIO DE MATERIA - TERMINO TEMATICO | |
| Término temático o nombre geográfico como elemento de entrada | Innovaciones tecnológicas |
| Subdivisión general | Indicadores |
| Subdivisión geográfica | Colombia. |
| 650 #6 - ASIENTO SECUNDARIO DE MATERIA - TERMINO TEMATICO | |
| Término temático o nombre geográfico como elemento de entrada | Desarrollo científico y tecnológico |
| Subdivisión general | Indicadores |
| Subdivisión geográfica | Colombia. |
| 700 1# - ASIENTO SECUNDARIO - NOMBRE PERSONAL | |
| Nombre personal | Salazar, Mónica. |
| 700 1# - ASIENTO SECUNDARIO - NOMBRE PERSONAL | |
| Nombre personal | Lucio, Jorge |
| 700 1# - ASIENTO SECUNDARIO - NOMBRE PERSONAL | |
| Nombre personal | Rivera, Sandra Carolina |
| 700 1# - ASIENTO SECUNDARIO - NOMBRE PERSONAL | |
| Nombre personal | Lucio-Arias, Diana |
| Término de relación | comité editorial |
| 700 1# - ASIENTO SECUNDARIO - NOMBRE PERSONAL | |
| Nombre personal | Daza-Caicedo, Sandra |
| Término de relación | comité editorial |
| 942 ## - ELEMENTOS ADICIONALES (KOHA) | |
| Sistema de clasificación | Dewey Decimal Classification |
| Tipo de ítem | Libro |
| Withdrawn status | Lost status | Sistema de Clasificación | Damaged status | No para préstamo | Colección | Inventariado | Ubicación Permanente | Ubicación actual | Fecha de adquisición | Fuente de Valor | Valor | Total Checkouts | Número topográfico | Inventario / Código de Barras | Date last seen | Ejemplar | Price effective from | Forma de adquisición | Tipo de material |
|---|---|---|---|---|---|---|---|---|---|---|---|---|---|---|---|---|---|---|---|
| Dewey Decimal Classification | General | Inventariado 2017 | Bogotá | Bogotá | 10/07/2015 | Instituto | 39000.00 | LB-303.483 O21i | 042101 | 10/07/2015 | Ej. 1 | 10/07/2015 | Libro | ||||||
| Dewey Decimal Classification | General | Inventariado 2017 | Sala Fabio Quevedo | Sala Fabio Quevedo | 24/10/2016 | Instituto | 39000.00 | LB-303.483 O21i | 040786 | 24/10/2016 | Ej. 2 | 24/10/2016 | Donación | Libro |